[Event "Cerdanyola del Valles op-A 24th"]
[Site "Cerdanyola del Valles"]
[Date "2006.10.07"]
[Round "2.16"]
[White "Rodriguez Rodriguez, Jorge"]
[Black "Penalver Guardia, Josep"]
[Result "1-0"]
[WhiteElo "1930"]
[BlackElo "2015"]
[PlyCount "85"]
[EventDate "2006.09.30"]
[EventType "swiss"]
[EventRounds "8"]
[EventCountry "AUT"]
[SourceTitle "EXT 2024"]
[Source "ChessBase"]
[SourceDate "2023.10.10"]
[SourceVersion "1"]
[SourceVersionDate "2023.10.10"]
[SourceQuality "1"]

1. e4 e6 2. Nf3 d5 3. Nc3 dxe4 4. Nxe4 Nd7 5. Be2 Ngf6 6. Nxf6+ Nxf6 7. 0-0 c5 8. b3 a6 9. a4 Be7 10. Bb2 0-0 11. d3 b6 12. Ne5 Bb7 13. Bf3 Qc7 14. Bxb7 Qxb7 15. Qf3 Qxf3 16. Nxf3 Rfd8 17. Ne5 Rac8 18. Rfe1 Nd5 19. Nc4 Rc6 20. Ne5 Rc7 21. Nc4 Rb7 22. Ne3 Bf6 23. Bxf6 Nxf6 24. Nc4 Kf8 25. Re2 Nd5 26. a5 b5 27. Nb2 Nc3 28. Re5 Rd5 29. Rae1 Rbd7 30. Rxd5 exd5 31. Nd1 Nxd1 32. Rxd1 d4 33. Re1 Re7 34. Kf1 Rxe1+ 35. Kxe1 Ke7 36. Kd2 b4 37. Ke2 Ke6 38. Kf3 Ke5 39. Kg4 f5+ 40. Kg5 f4 41. f3 g6 42. h4 Ke6 43. Kxf4 1-0